| 000 | 00709nam a2200229 i 4500 | ||
|---|---|---|---|
| 003 | DO-SdBNP | ||
| 005 | 20240417084035.0 | ||
| 006 | a||||gr|||| 00| 0 | ||
| 007 | ta | ||
| 008 | 240415e2023 dr aobc| |||| 00| 0 spa d | ||
| 040 |
_aDO-SdBNP _bspa _cBNPHU _erda |
||
| 082 | 4 |
_222 _bF293L |
|
| 110 | 2 |
_aFederación Dominicana de Municipios (FEDOMU) _984131 _eautor |
|
| 245 | 1 | 0 | _aLogros de Fedomu 2023. |
| 264 |
_aSanto Domingo : _bBúho, _c2023 |
||
| 300 |
_a113 páginas : _bIIustraciones, fotografías, mapas, retratos ; _c23 cm. |
||
| 336 |
_2rdacontent _atexto _btxt |
||
| 337 |
_2rdamedia _asin mediación _bn |
||
| 338 |
_2rdacarrier _avolumen _bnc |
||
| 590 | _aInventariado 2024 / MF | ||
| 942 |
_2ddc _cLBS1 |
||
| 999 |
_c56421 _d56421 |
||